<?xml version="1.0" encoding="UTF-8"?><?xml-stylesheet type="text/xsl" href="static/style.xsl"?><OAI-PMH xmlns="http://www.openarchives.org/OAI/2.0/" xmlns:xsi="http://www.w3.org/2001/XMLSchema-instance" xsi:schemaLocation="http://www.openarchives.org/OAI/2.0/ http://www.openarchives.org/OAI/2.0/OAI-PMH.xsd"><responseDate>2026-04-18T06:12:30Z</responseDate><request verb="GetRecord" identifier="oai:www.recercat.cat:10230/46051" metadataPrefix="marc">https://recercat.cat/oai/request</request><GetRecord><record><header><identifier>oai:recercat.cat:10230/46051</identifier><datestamp>2025-12-19T20:27:02Z</datestamp><setSpec>com_2072_6</setSpec><setSpec>col_2072_452954</setSpec></header><metadata><record xmlns="http://www.loc.gov/MARC21/slim" xmlns:dcterms="http://purl.org/dc/terms/" xmlns:xsi="http://www.w3.org/2001/XMLSchema-instance" xmlns:doc="http://www.lyncode.com/xoai" xsi:schemaLocation="http://www.loc.gov/MARC21/slim http://www.loc.gov/standards/marcxml/schema/MARC21slim.xsd">
   <leader>00925njm 22002777a 4500</leader>
   <datafield ind2=" " ind1=" " tag="042">
      <subfield code="a">dc</subfield>
   </datafield>
   <datafield ind2=" " ind1=" " tag="720">
      <subfield code="a">Gu, Wenxi</subfield>
      <subfield code="e">author</subfield>
   </datafield>
   <datafield ind2=" " ind1=" " tag="260">
      <subfield code="c">2020-12-15T11:08:26Z</subfield>
   </datafield>
   <datafield ind2=" " ind1=" " tag="260">
      <subfield code="c">2020-12-15T11:08:26Z</subfield>
   </datafield>
   <datafield ind2=" " ind1=" " tag="260">
      <subfield code="c">2020</subfield>
   </datafield>
   <datafield ind2=" " ind1=" " tag="520">
      <subfield code="a">Treball de fi de màster en Traducció entre Llengües Globals: Xinès-Espanyol. Tutora: Dra. Xianghong Qu.</subfield>
   </datafield>
   <datafield ind2=" " ind1=" " tag="520">
      <subfield code="a">El presente trabajo se centra en el estudio de los elementos culturales, denominados culturemas por Nord (1997:34), y se caracterizan por ser elementos abstractos propios de una cultura y útiles por su comparación entre esta y otras culturas diferentes. Teniendo en cuenta su naturaleza cultural, a menudo se encuentran escollos en la traducción de dichos elementos. Estas dificultades han llevado a diversos autores a proponer unas técnicas de trasvase para su traducción (el préstamo, el calco, la traducción literal, el equivalente acuñado, la amplificación, etc.). El concepto de la equivalencia dinámica/funcional que propuso Nida (1964:4), también es un enfoque de índole cultural en el campo de la traductología. En este estudio se lleva a cabo un análisis descriptivo de los culturemas y las técnicas adoptadas para su transposición de una cultura a otra en la obra elegida, Un amor que destruye ciudades (倾城之恋 (Qingcheng zhi Lian)). El objetivo principal del estudio es analizar cómo se han resuelto los problemas de traducción de los culturemas en dicha obra, desde la perspectiva de la equivalencia dinámica/funcional, e intentar inducir y clasificar las técnicas principales adoptadas en esta obra para su traducción, a fin de contribuir a futuros estudios empírico-descriptivos sobre la traducción del chino al español, específicamente, de obras literarias.</subfield>
   </datafield>
   <datafield tag="653" ind2=" " ind1=" ">
      <subfield code="a">Culturemas</subfield>
   </datafield>
   <datafield tag="653" ind2=" " ind1=" ">
      <subfield code="a">Técnicas de traducción</subfield>
   </datafield>
   <datafield tag="653" ind2=" " ind1=" ">
      <subfield code="a">Equivalencia dinámica/funcional</subfield>
   </datafield>
   <datafield ind2="0" ind1="0" tag="245">
      <subfield code="a">Clasificación de técnicas de traducción de culturemas: una propuesta basada en Un amor que destruye ciudades</subfield>
   </datafield>
</record></metadata></record></GetRecord></OAI-PMH>